000
00286 a2200121 4500
245
_a
Biology its principles and implications
_h
Text
020
_a
071670028x
100
_a
Garret Hardin
100
_a
Carl Bajema
650
_a
BIOLOGY
005
20191017173558.0
260
_b
W Freeman
_c
1937
084
_a
QH308.H35
999
_c
10450
_d
10450